000 00401nam a2200169Ia 4500
001 2150
008 140314s9999 xx 000 0 und d
020 _a9694020158
040 _cPK-LaUMT
082 _a 954.03
_bABU-I
100 _aAbul Kalam Azad
245 _aIndia wins freedom
_cAbul Kalam Azad
260 _aLahore,Pakistan:
_bVanguard,
_c1989
300 _a283 p.
546 _aEN
942 _cBK
999 _c2460
_d2460